00323nam a2200097Ia 4500008004100000082002000041100004000061245006600101260005000167300000800217210430s9999 xx 000 0 und d a294.5924 B5751B aA.C. Bhaktivedanta Swami Prabhupada aBhagavad-Gita As it is /cA.C. Bhaktivedanta Swami Prabhupada aNew YorkbThe Bhaktivedant a Book Trustc1980 a408